000 00687nam a2200253Ia 4500
003 OSt
005 20220924121701.0
006 a|||||r|||| 00| 0
007 ta
008 220923b |||||||| |||| 00| 0 urd d
024 _a269620
037 _cTextual
040 _aARTS
_cARTS
_burd
041 _2urd
_aurd
082 _aT:31, 168J8
100 _aHasan Yunus Au.
_9186909
245 0 _aMadri zabaan ki taleem
260 _aKarachi
_bAll Pakistan Educational Conference Pakistan
_c1957
300 _a288p.
_ccm.
650 _a LITERACY
_9186910
650 _aEDUCATION
942 _hT:31, 168J8
_cTEXL
_2CC
999 _c408597
_d408597